Pages de début (notice n° 1883337)
[ vue normale ]
| 000 -LEADER | |
|---|---|
| fixed length control field | 01237cam a2200181 4500500 |
| 005 - DATE AND TIME OF LATEST TRANSACTION | |
| control field | 20260329013757.0 |
| 041 ## - LANGUAGE CODE | |
| Language code of text/sound track or separate title | fre |
| 042 ## - AUTHENTICATION CODE | |
| Authentication code | dc |
| 100 10 - MAIN ENTRY--PERSONAL NAME | |
| Personal name | Breka, Jean |
| Relator term | author |
| 245 00 - TITLE STATEMENT | |
| Title | Pages de début |
| 260 ## - PUBLICATION, DISTRIBUTION, ETC. | |
| Date of publication, distribution, etc. | 2026.<br/> |
| 500 ## - GENERAL NOTE | |
| General note | 70 |
| 520 ## - SUMMARY, ETC. | |
| Summary, etc. | Cet article analyse les dynamiques de genre dans la filière cacao en Côte d’Ivoire, montrant que l’exclusion des femmes et leur précarité favorisent le side-selling. Il propose des leviers d’action : formation, financement innovant, outils numériques et gouvernance inclusive pour renforcer durabilité, équité et compétitivité du secteur. |
| 520 ## - SUMMARY, ETC. | |
| Summary, etc. | This article analyzes gender dynamics in the cocoa sector in Côte d’Ivoire, showing that women’s exclusion and precarious working conditions promote side-selling. It proposes levers for action–including training, innovative financing, digital tools, and inclusive governance–to strengthen the sector’s sustainability, equity, and competitiveness. |
| 700 10 - ADDED ENTRY--PERSONAL NAME | |
| Personal name | Zogbasse, Kouakou Emmanuel |
| Relator term | author |
| 786 0# - DATA SOURCE ENTRY | |
| Note | Mondes en développement | 53 | 4 | 2026-02-25 | p. 1-6 | 0302-3052 |
| 856 41 - ELECTRONIC LOCATION AND ACCESS | |
| Uniform Resource Identifier | <a href="https://shs.cairn.info/revue-mondes-en-developpement-2026-1-page-1?lang=fr&redirect-ssocas=7080">https://shs.cairn.info/revue-mondes-en-developpement-2026-1-page-1?lang=fr&redirect-ssocas=7080</a> |
Pas d'exemplaire disponible.




Réseaux sociaux